| 000 | 01005nam a2200265 i 4500 | ||
|---|---|---|---|
| 001 | 75699 | ||
| 003 | ES-MaACL | ||
| 005 | 20250818131137.0 | ||
| 007 | t| | ||
| 008 | 040927m19681969sp f 00110 spa d | ||
| 080 | _a940"1914/18" | ||
| 245 | 0 | 4 |
_aLos grandes enigmas de la Gran Guerra / _cpresentados por Bernard Michal ; con la colaboración de Edouard Bobrowski ... [et al.]. |
| 250 | _aEd. reservada a los Amigos de la Historia. | ||
| 260 |
_aMadrid : _b[s. n., _c1968-1969] ( _fArtes Graf. Mateu Cromo) |
||
| 300 |
_a2 v. : _blám. ; _c18 cm. |
||
| 490 | 1 | _aLos grandes enigmas históricos de nuestro tiempo | |
| 504 | _aBibliografía: v. 1 (p. 239-241), v. 2 (p. 249-251) | ||
| 650 | 0 | 4 |
_aGuerra mundial, 1914-1918. _913212 |
| 700 | 1 |
_aMichal, Bernard. _980865 |
|
| 700 | 2 |
_a _9241857 |
|
| 740 | 4 | 2 | _aLos grandes enigmas de la Primera Guerra Mundial. |
| 830 | 0 |
_aLos grandes enigmas históricos de nuestro tiempo _9231260 |
|
| 852 |
_aES-MaACL _jC-40646-47 |
||
| 999 |
_c75699 _d75699 |
||